00908cam a2200265 a 450000100100000000500170001000800410002702000150006804000300008308200240011310000460013724500480018325000120023126000370024330000280028049000210030865000280032965000310035765100450038883000300043391000280046304900090049195201270050099900150062700000787220200929154329.0750813s1994 sp a 000 f spa  a8432203777 aDO-SdBNPbspacDLCdBNPHU a863.64bM379t, 19941 aMartín Santos, Luis,d1924-1964.92165110aTiempo de silencio /cSantos Luis Martín. a38a ed. aBarcelona :bSeix Barral,c1994. a222 p. :bil. ;c20 cm.1 aBiblioteca Breve 4aNovela española91123 4aLiteratura española9632 4aEspañaxClases SocialesxNovela921652 0aBiblioteca Breve ;913442 aCatalogación derivada aBNGR 001052708MOaGRbGRcCTd2009-09-11iLF1l0o863.64 M379t, 1994p7872-10r2020-06-25w2020-06-25y2ZPréstamo interno c7650d7650